000 00320nam a2200133Ia 4500
008 221030s9999 xx 000 0 und d
041 _aEnglish
100 _aM. Jain
245 0 _aIntroduction to Database Management systems
_cby M. Jain, V. Pillai
260 _c0
650 _aB
700 _aV. Pillai
942 _cBK
999 _c16512
_d16512